Beliefs of Jewish-Oriental mothers regarding children who are mentally retarded (Record no. 63238)

MARC details
000 -CABECERA
campo de control de longitud fija 00687nam a2200241 a 4500
005 - FECHA Y HORA DE LA ÚLTIMA TRANSACCIÓN
campo de control 20210219152907.0
008 - ELEMENTOS DE LONGITUD FIJA--INFORMACIÓN GENERAL
campo de control de longitud fija 991125n 000 0 eng u
035 ## - NÚMERO DE CONTROL DEL SISTEMA
Número de control de sistema UPN01000065983
100 ## - ASIENTO PRINCIPAL--NOMBRE PERSONAL
Nombre de persona Stahl, Abraham
222 ## - TÍTULO CLAVE
Título clave EDUCATION AND TRAINING IN MENTAL RETARDATION
245 ## - MENCIÓN DE TÍTULO
Título Beliefs of Jewish-Oriental mothers regarding children who are mentally retarded
300 ## - DESCRIPCIÓN FÍSICA
Extensión 361-369
362 ## - FECHAS DE PUBLICACIÓN Y/O DESIGNACIÓN SECUENCIAL
Fecha de publicación y/o designación secuencial 1991 26, No. 4
505 ## - NOTA DE CONTENIDO CON FORMATO PREESTABLECIDO
Nota de contenido con formato Junio 1992
653 0# - TERMINO DE INDIZACION - NO CONTROLADO
Término no controlado ACTITUD DE LOS PADRES
653 0# - TERMINO DE INDIZACION - NO CONTROLADO
Término no controlado CIVILIZACION NO OCCIDENTAL
653 0# - TERMINO DE INDIZACION - NO CONTROLADO
Término no controlado DIFERENCIAS CULTURALES
653 0# - TERMINO DE INDIZACION - NO CONTROLADO
Término no controlado JUDIOS
653 0# - TERMINO DE INDIZACION - NO CONTROLADO
Término no controlado MADRES
653 0# - TERMINO DE INDIZACION - NO CONTROLADO
Término no controlado RETRASO MENTAL
904 ## - ELEMENTOS DE DATOS D LOCAL, LDD (RLIN)
a AC
b 003794
905 ## - TIPO DE MATERIAL
Tipo de material Articulo

No items available.